[Event "Cambridge op 3rd"]
[Site "Cambridge"]
[Date "2025.05.26"]
[Round "2"]
[White "Matthews, Adrian MS"]
[Black "Ewart, Thomas"]
[Result "1-0"]
[WhiteElo "1800"]
[BlackElo "1701"]
[PlyCount "61"]
[EventDate "2025.05.26"]
[EventType "tourn"]
[EventRounds "9"]
[EventCountry "ENG"]
[SourceTitle "CB23_2025"]
[SourceDate "2025.06.04"]
[SourceVersion "1"]
[SourceVersionDate "2025.06.04"]
[SourceQuality "1"]

1. e4 e6 2. d4 d5 3. e5 c5 4. c3 Nc6 5. Nf3 Bd7 6. Bd3 Qb6 7. dxc5 Bxc5 8. 0-0 0-0-0 9. b4 Be7 10. a4 Qc7 11. Re1 f6 12. Bf4 fxe5 13. Nxe5 Bd6 14. Qe2 Nxe5 15. Bxe5 Bxe5 16. Qxe5 Qxe5 17. Rxe5 Nf6 18. Na3 Bxa4 19. Rxe6 Bc6 20. Nc2 a6 21. Nd4 Rde8 22. Rae1 Rxe6 23. Rxe6 Re8 24. f3 Rxe6 25. Nxe6 g6 26. Kf2 Bb5 27. Bxb5 axb5 28. Nd4 Kd8 29. Nxb5 d4 30. Nxd4 Nd5 31. Ne2 1-0

[Event "ENG-ch Seniors 50"]
[Site "Kenilworth"]
[Date "2025.04.27"]
[Round "5"]
[White "Richards, Simon"]
[Black "Matthews, Adrian MS"]
[Result "0-1"]
[WhiteElo "1692"]
[BlackElo "1830"]
[PlyCount "62"]
[EventDate "2025.04.24"]
[EventType "swiss"]
[EventRounds "7"]
[EventCountry "ENG"]
[SourceTitle "CB18_2025"]
[SourceDate "2025.04.30"]
[SourceVersion "1"]
[SourceVersionDate "2025.04.30"]
[SourceQuality "1"]

1. Nc3 d5 2. d4 Nf6 3. Bf4 e6 4. Nb5 Na6 5. e3 c6 6. Nc3 Qb6 7. Rb1 c5 8. Bb5+ Bd7 9. Bxd7+ Nxd7 10. Nf3 Bd6 11. Bxd6 Qxd6 12. 0-0 0-0 13. Ne2 c4 14. c3 b5 15. Qc2 Nc7 16. Nd2 f5 17. f4 Nf6 18. Rf3 a5 19. b3 Ne4 20. Nxe4 dxe4 21. Rg3 Nd5 22. bxc4 bxc4 23. Qa4 Qc7 24. Kf2 Rab8 25. Rxb8 Rxb8 26. h4 Kf7 27. Qa3 Rb1 28. h5 Qb6 29. Rg5 Nf6 30. d5 Nxd5 31. Nd4 Qb2+ 0-1

[Event "ENG-ch Seniors 50"]
[Site "Kenilworth"]
[Date "2025.04.24"]
[Round "1"]
[White "Matthews, Adrian MS"]
[Black "Burrows, Martin P"]
[Result "0-1"]
[WhiteElo "1830"]
[BlackElo "2026"]
[PlyCount "82"]
[EventDate "2025.04.24"]
[EventType "swiss"]
[EventRounds "7"]
[EventCountry "ENG"]
[SourceTitle "CB18_2025"]
[SourceDate "2025.04.30"]
[SourceVersion "1"]
[SourceVersionDate "2025.04.30"]
[SourceQuality "1"]

1. e4 c5 2. c3 d5 3. exd5 Qxd5 4. d4 e6 5. Nf3 Nf6 6. Bd3 Be7 7. 0-0 0-0 8. Na3 cxd4 9. Nxd4 Bxa3 10. bxa3 b6 11. Qb3 Bb7 12. Qxd5 Bxd5 13. Bg5 Nbd7 14. Rfd1 Nc5 15. Bc2 Nfe4 16. Be7 Rfc8 17. Bxc5 Rxc5 18. Bxe4 Bxe4 19. Ne2 g5 20. Rd4 Bd5 21. h4 gxh4 22. Rxh4 Rc4 23. Rh3 Kh8 24. f3 Rg8 25. Kf2 Rg7 26. Rah1 Kg8 27. R1h2 Ra4 28. Ke3 Rxa3 29. Ng3 Rxc3+ 30. Kd4 Rc4+ 31. Ke5 Rc5 32. Kd4 e5+ 33. Kd3 Be6 34. Nh5 Bxh3 35. Nf6+ Kf8 36. Rxh3 Ke7 37. Ne4 Ra5 38. Ng3 Ke6 39. Ne4 Rxg2 40. Rh6+ Rg6 41. Rxh7 Rxa2 0-1

[Event "ENG-ch Seniors 50"]
[Site "Kenilworth"]
[Date "2024.05.28"]
[Round "7"]
[White "Matthews, Adrian MS"]
[Black "Hymer, Barry J"]
[Result "0-1"]
[WhiteElo "1847"]
[BlackElo "1943"]
[PlyCount "76"]
[EventDate "2024.05.24"]
[EventType "swiss"]
[EventRounds "7"]
[EventCountry "ENG"]
[SourceTitle "CBM 220 Extra"]
[Source "ChessBase"]
[SourceDate "2024.07.31"]
[SourceVersion "1"]
[SourceVersionDate "2024.07.31"]
[SourceQuality "1"]

1. e4 d6 2. d4 Nf6 3. Bd3 e5 4. c3 d5 5. dxe5 Nxe4 6. Bxe4 dxe4 7. Qxd8+ Kxd8 8. Bf4 Nd7 9. Ne2 Nc5 10. 0-0 Bg4 11. Nd4 Nd3 12. Bg5+ Kc8 13. h3 Bh5 14. g4 Bg6 15. e6 fxe6 16. Nxe6 Bd6 17. Nd2 h5 18. Nc4 hxg4 19. Nxd6+ cxd6 20. hxg4 Kd7 21. Nf4 Nxf4 22. Bxf4 Rh4 23. Bg3 Rxg4 24. Kg2 Re8 25. Rfe1 Bf7 26. Rad1 Rg6 27. b3 b5 28. Rd4 d5 29. a4 Rc6 30. axb5 Rxc3 31. Ra1 Rxb3 32. Rxa7+ Ke6 33. Ra6+ Kf5 34. b6 Rd8 35. Ra7 Bh5 36. Bc7 Bf3+ 37. Kg3 Bh1+ 38. Kh2 Rh8+ 0-1

[Event "Peterborough 4NCL Easter U2000 op"]
[Site "Peterborough"]
[Date "2024.03.31"]
[Round "5"]
[White "Matthews, Adrian MS"]
[Black "Tart, Peter K"]
[Result "1/2-1/2"]
[WhiteElo "1860"]
[BlackElo "1903"]
[PlyCount "62"]
[EventDate "2024.03.29"]
[EventType "swiss"]
[EventRounds "7"]
[EventCountry "ENG"]
[SourceTitle "CBM 219 Extra"]
[Source "ChessBase"]
[SourceDate "2024.05.31"]
[SourceVersion "1"]
[SourceVersionDate "2024.05.31"]
[SourceQuality "1"]

1. e4 e5 2. Nf3 d5 3. exd5 Bd6 4. d4 e4 5. Ne5 Nf6 6. Bb5+ Nbd7 7. c4 0-0 8. Bf4 Qe7 9. Nc3 Nxe5 10. dxe5 Bxe5 11. Bxe5 Qxe5 12. Qe2 a6 13. Ba4 b5 14. cxb5 Nxd5 15. Nxd5 Qxd5 16. 0-0 Bd7 17. Rfd1 Bxb5 18. Rxd5 Bxe2 19. Rc5 Rab8 20. Bb3 Bg4 21. Rxc7 Be6 22. Bxe6 fxe6 23. b3 Rbd8 24. Rc2 Rd5 25. Re1 Rfd8 26. Kf1 Rd4 27. Rce2 Rd2 28. Rxd2 Rxd2 29. Re2 Rd1+ 30. Re1 Rd2 31. Re2 Rd1+ 1/2-1/2

[Event "Peterborough 4NCL Easter U2000 op"]
[Site "Peterborough"]
[Date "2024.03.30"]
[Round "3"]
[White "Matthews, Adrian MS"]
[Black "Meredith, Daniel"]
[Result "1-0"]
[WhiteElo "1860"]
[BlackElo "1670"]
[PlyCount "67"]
[EventDate "2024.03.29"]
[EventType "swiss"]
[EventRounds "7"]
[EventCountry "ENG"]
[SourceTitle "CBM 219 Extra"]
[Source "ChessBase"]
[SourceDate "2024.05.31"]
[SourceVersion "1"]
[SourceVersionDate "2024.05.31"]
[SourceQuality "1"]

1. e4 c5 2. Nf3 d6 3. c3 Nf6 4. h3 Nc6 5. Bd3 g6 6. Bc2 Bg7 7. 0-0 0-0 8. Re1 b5 9. d3 a5 10. Nbd2 Nd7 11. Nf1 Nb6 12. Ne3 b4 13. Bd2 a4 14. Nd5 a3 15. b3 Nxd5 16. exd5 bxc3 17. Bg5 Ne5 18. Nxe5 Bxe5 19. f4 Bd4+ 20. Kh2 Re8 21. Qf3 Bb7 22. f5 Bg7 23. Re2 Qd7 24. Rae1 f6 25. fxg6 hxg6 26. Re6 fxg5 27. d4 Rf8 28. Qe4 Rf7 29. Qxg6 Bxd5 30. R6e2 Re8 31. Qxg5 cxd4 32. Qxd5 Kf8 33. Bg6 Be5+ 34. Rxe5 1-0

[Event "BCF-chT3E 2224 (4NCL)"]
[Site "England"]
[Date "2024.03.17"]
[Round "8.56"]
[White "Ursell, Adam R"]
[Black "Matthews, Adrian MS"]
[Result "1/2-1/2"]
[WhiteElo "1950"]
[BlackElo "1836"]
[PlyCount "85"]
[EventDate "2023.11.11"]
[EventType "team-tourn"]
[EventRounds "11"]
[EventCountry "ENG"]
[SourceTitle "EXT 2025"]
[Source "ChessBase"]
[SourceDate "2024.10.14"]
[SourceVersion "1"]
[SourceVersionDate "2024.10.14"]
[SourceQuality "1"]
[WhiteTeam "Sussex Martlets II"]
[BlackTeam "MK Phoenix"]
[WhiteTeamCountry "ENG"]
[BlackTeamCountry "ENG"]

1. e4 c5 2. Nf3 Nc6 3. Bb5 g6 4. Bxc6 dxc6 5. d4 cxd4 6. Qxd4 Qxd4 7. Nxd4 Bg7 8. c3 e5 9. Nc2 Nf6 10. f3 Be6 11. Be3 0-0 12. Nd2 Nd7 13. Nb3 b6 14. Nb4 Rac8 15. h4 h6 16. Kf2 a5 17. Nc2 f5 18. exf5 Bxf5 19. Rad1 Rcd8 20. Na3 a4 21. Nc1 e4 22. f4 Nf6 23. Bxb6 Rb8 24. Be3 Ng4+ 25. Ke2 Rxb2+ 26. Rd2 Bxc3 27. Rxb2 Bxb2 28. Nc4 Bf6 29. Nb6 Nxe3 30. Kxe3 a3 31. Nc4 Be7 32. Ne5 Bc5+ 33. Ke2 h5 34. Nb3 Bd6 35. Rc1 Bxe5 36. fxe5 Be6 37. Rxc6 Bxb3 38. axb3 Ra8 39. Rc1 a2 40. Ra1 Kf7 41. Ke3 Ke6 42. Kxe4 Ra5 43. b4 1/2-1/2

[Event "Cambridge op"]
[Site "Cambridge"]
[Date "2023.02.15"]
[Round "1"]
[White "Gormally, Daniel"]
[Black "Matthews, Adrian MS"]
[Result "1-0"]
[WhiteElo "2448"]
[BlackElo "1781"]
[PlyCount "97"]
[EventDate "2023.02.15"]
[EventType "swiss"]
[EventRounds "9"]
[EventCountry "ENG"]
[SourceTitle "CBM 212 Extra"]
[Source "ChessBase"]
[SourceDate "2023.03.31"]
[SourceVersion "1"]
[SourceVersionDate "2023.03.31"]
[SourceQuality "1"]

1. e4 c5 2. Nc3 Nc6 3. Bb5 g6 4. Bxc6 dxc6 5. d3 e5 6. Nge2 Bg7 7. Be3 Qe7 8. Qd2 Nf6 9. h3 Be6 10. Bh6 Bxh6 11. Qxh6 Nd7 12. f4 f6 13. fxe5 fxe5 14. 0-0-0 0-0-0 15. Ng1 Rdf8 16. Nf3 Qf7 17. Ne2 Qe7 18. Kb1 Rf6 19. Qe3 Rhf8 20. b3 Bg8 21. Kb2 Nb6 22. Qd2 Kb8 23. a4 Nd7 24. a5 Kc7 25. Ra1 Kb8 26. Qc3 Kc7 27. Rhf1 Kb8 28. Neg1 Kc7 29. Ra4 Re8 30. Rb1 Nb8 31. b4 Na6 32. bxc5 Qxc5 33. Qxc5 Nxc5 34. Raa1 Nd7 35. Kc3 Rb8 36. Kd2 b5 37. axb6+ axb6 38. Ra7+ Rb7 39. Ra8 Rb8 40. Rba1 Rxa8 41. Rxa8 Bf7 42. Ne2 Kb7 43. Rh8 h5 44. Ke3 Be6 45. Ng5 Ba2 46. Nc3 Be6 47. Re8 Nf8 48. Ne2 Kc7 49. Rxf8 1-0

[Event "Cambridge op"]
[Site "Cambridge"]
[Date "2023.02.15"]
[Round "2"]
[White "Matthews, Adrian MS"]
[Black "Weersing, Nathan"]
[Result "1-0"]
[WhiteElo "1781"]
[BlackElo "1451"]
[PlyCount "105"]
[EventDate "2023.02.15"]
[EventType "swiss"]
[EventRounds "9"]
[EventCountry "ENG"]
[SourceTitle "CBM 212 Extra"]
[Source "ChessBase"]
[SourceDate "2023.03.31"]
[SourceVersion "1"]
[SourceVersionDate "2023.03.31"]
[SourceQuality "1"]

1. e4 e6 2. d4 d5 3. e5 c5 4. c3 Nc6 5. Nf3 Qb6 6. Bd3 Bd7 7. dxc5 Bxc5 8. 0-0 d4 9. b4 Be7 10. b5 Na5 11. Nxd4 Rc8 12. Qe2 Nh6 13. Bb2 Nf5 14. Nd2 a6 15. a4 Bc5 16. Ne4 0-0 17. Nxc5 Qxc5 18. Nxf5 exf5 19. Ba3 Qxc3 20. Bxf8 Kxf8 21. bxa6 bxa6 22. Bxa6 Rc5 23. f4 Nb3 24. Rad1 Bxa4 25. Rd8+ Ke7 26. Qd3 Qxd3 27. Rxd3 Rc7 28. Rd6 Nc5 29. Ra1 f6 30. Bd3 Nxd3 31. Rxd3 Bb5 32. exf6+ Kxf6 33. Rd6+ Kf7 34. Rad1 g6 35. h4 Ba4 36. R1d2 Bb5 37. Kf2 Ke7 38. Rb6 Ba4 39. h5 Be8 40. Rb8 Bf7 41. h6 Kf6 42. Rh8 Be6 43. Rf8+ Ke7 44. Rh8 Kf6 45. Rdd8 Ke7 46. Rde8+ Kd6 47. Rd8+ Kc5 48. Rhe8 Bf7 49. Rc8 Kd6 50. Rxc7 Bxe8 51. Rxh7 Ke6 52. Rh8 Kf7 53. Rxe8 1-0

[Event "Bremen Silvester op-B"]
[Site "Bremen"]
[Date "2022.12.28"]
[Round "4"]
[White "Matthews, Adrian MS"]
[Black "Ebeling, Hans Juergen"]
[Result "1-0"]
[WhiteElo "1779"]
[BlackElo "1541"]
[PlyCount "43"]
[EventDate "2022.12.27"]
[EventType "swiss"]
[EventRounds "7"]
[EventCountry "GER"]
[SourceTitle "CBM 211 Extra"]
[Source "ChessBase"]
[SourceDate "2023.01.31"]
[SourceVersion "1"]
[SourceVersionDate "2023.01.31"]
[SourceQuality "1"]

1. e4 d5 2. exd5 Nf6 3. Bb5+ Bd7 4. Be2 Nxd5 5. d4 Nc6 6. c4 Nf6 7. Nf3 e6 8. 0-0 g6 9. Nc3 Bg7 10. Bg5 h6 11. Bh4 g5 12. Bg3 Nh5 13. d5 Nxg3 14. fxg3 Ne5 15. Nxe5 Bxe5 16. Bh5 Rf8 17. Qf3 Qe7 18. dxe6 Bxe6 19. Qxb7 Rd8 20. Rae1 Qc5+ 21. Kh1 Bxc4 22. Rf5 1-0

[Event "Bremen Silvester op-B"]
[Site "Bremen"]
[Date "2022.12.27"]
[Round "2"]
[White "Matthews, Adrian MS"]
[Black "Junge, Julia Marie"]
[Result "1/2-1/2"]
[WhiteElo "1779"]
[BlackElo "1367"]
[PlyCount "128"]
[EventDate "2022.12.27"]
[EventType "swiss"]
[EventRounds "7"]
[EventCountry "GER"]
[SourceTitle "CBM 211 Extra"]
[Source "ChessBase"]
[SourceDate "2023.01.31"]
[SourceVersion "1"]
[SourceVersionDate "2023.01.31"]
[SourceQuality "1"]

1. e4 e5 2. Nf3 Nc6 3. Bc4 Bc5 4. c3 Nf6 5. d4 exd4 6. 0-0 d6 7. cxd4 Bb6 8. Bg5 h6 9. Bh4 g5 10. Bg3 Bg4 11. Bb5 Bd7 12. Nc3 a6 13. Ba4 g4 14. Bxc6 Bxc6 15. Nh4 Qe7 16. Nf5 Qf8 17. e5 Bd7 18. Qd3 Nh5 19. exd6 Nxg3 20. Rae1+ Be6 21. Qxg3 0-0-0 22. dxc7 Bxc7 23. Qxg4 Rg8 24. Qe4 Rg5 25. Ne3 Qd6 26. Qh4 Qxd4 27. Qxh6 Rh8 28. Nf5 Rxf5 29. Rxe6 fxe6 30. Qxe6+ Qd7 31. Qxd7+ Kxd7 32. Rd1+ Kc6 33. g3 Bb6 34. Ne4 Rd5 35. Rc1+ Kd7 36. Nf6+ Ke6 37. Nxd5 Kxd5 38. h4 Rf8 39. Rc2 Kd4 40. Rd2+ Kc4 41. Kg2 Ba5 42. Re2 Kd3 43. Re3+ Kc2 44. Rb3 b5 45. h5 Bb6 46. f3 Bd4 47. g4 Bxb2 48. Kh3 Rc8 49. h6 Bc1 50. Kh4 Bxh6 51. g5 Rc4+ 52. Kh5 Bf8 53. g6 Rc5+ 54. Kg4 a5 55. f4 a4 56. Re3 Kb2 57. Re2+ Rc2 58. Rxc2+ Kxc2 59. f5 b4 60. f6 b3 61. axb3 axb3 62. g7 Bxg7 63. fxg7 b2 64. g8Q b1Q 1/2-1/2

[Event "BCF-chT4S 1819 (4NCL)"]
[Site "England"]
[Date "2019.01.12"]
[Round "3.83"]
[White "Tarr, Steve"]
[Black "Matthews, Adrian MS"]
[Result "0-1"]
[WhiteElo "1757"]
[BlackElo "1809"]
[PlyCount "72"]
[EventDate "2018.11.17"]
[EventType "team-swiss"]
[EventRounds "11"]
[EventCountry "ENG"]
[SourceTitle "EXT 2021"]
[Source "ChessBase"]
[SourceDate "2020.10.23"]
[SourceVersion "1"]
[SourceVersionDate "2020.10.23"]
[SourceQuality "1"]
[WhiteTeam "Shropshire III"]
[BlackTeam "MK Phoenix II"]
[WhiteTeamCountry "ENG"]
[BlackTeamCountry "ENG"]

1. d4 Nf6 2. Bf4 c5 3. e3 d5 4. c3 e6 5. Nd2 Bd6 6. Bg3 0-0 7. Ngf3 Nc6 8. Ne5 Bxe5 9. dxe5 Nd7 10. Nf3 f5 11. exf6 Qxf6 12. Bh4 Qh6 13. Bg5 Qh5 14. h4 Qf7 15. Bf4 Nde5 16. Nxe5 Nxe5 17. f3 Nd7 18. Bd6 Re8 19. Bb5 b6 20. Bc6 Ba6 21. Bxa8 Rxa8 22. Qa4 Bd3 23. Rd1 c4 24. Qc6 Re8 25. Qc7 Nf6 26. Qxf7+ Kxf7 27. Be5 Nd7 28. Bg3 Nc5 29. Bd6 Na4 30. Rd2 Rd8 31. Be5 Nc5 32. Rh3 Bb1 33. Rg3 Rg8 34. Rd4 Nd3+ 35. Kd2 Nxe5 36. e4 Nc6 0-1

[Event "BCF-chT4S 1617 (4NCL)"]
[Site "England"]
[Date "2017.05.01"]
[Round "11.25"]
[White "Matthews, Adrian MS"]
[Black "Staples, Neil"]
[Result "0-1"]
[WhiteElo "1858"]
[BlackElo "1855"]
[PlyCount "84"]
[EventDate "2016.11.26"]
[EventType "team-swiss"]
[EventRounds "11"]
[EventCountry "ENG"]
[SourceTitle "EXT 2019"]
[Source "ChessBase"]
[SourceDate "2018.10.10"]
[SourceVersion "1"]
[SourceVersionDate "2018.10.10"]
[SourceQuality "1"]
[WhiteTeam "MK Phoenix II"]
[BlackTeam "Oxford II"]
[WhiteTeamCountry "ENG"]
[BlackTeamCountry "ENG"]

1. e4 d5 2. exd5 Qxd5 3. Nc3 Qd8 4. Nf3 Nf6 5. Bc4 c6 6. Ne5 e6 7. d3 Nbd7 8. Nxd7 Bxd7 9. 0-0 Be7 10. Bf4 Nd5 11. Nxd5 cxd5 12. Bb3 0-0 13. Re1 Bf6 14. d4 Qb6 15. c3 a5 16. Qd2 Rfc8 17. Re3 a4 18. Bc2 Qd8 19. Rae1 b5 20. Rh3 g6 21. Be5 Bxe5 22. dxe5 Qf8 23. Ree3 Rc4 24. Ref3 d4 25. cxd4 Qb4 26. Qxb4 Rxb4 27. Rc3 Rxb2 28. Rc7 Rxa2 29. f4 Be8 30. Rhc3 Kg7 31. Be4 Rb8 32. Re7 b4 33. Rcc7 b3 34. Rb7 Rxb7 35. Rxb7 Rd2 36. Rb8 Rxd4 37. Bf3 Bd7 38. Kf1 Rc4 39. Ke2 Bc6 40. Bxc6 Rxc6 41. Rb4 Rc2+ 42. Kd1 Rxg2 0-1

[Event "BCF-ch Weekend op"]
[Site "Bournemouth"]
[Date "2016.07.31"]
[Round "4"]
[White "Matthews, Adrian MS"]
[Black "Ai, Farshad"]
[Result "0-1"]
[WhiteElo "1883"]
[BlackElo "1956"]
[PlyCount "66"]
[EventDate "2016.07.29"]
[EventType "swiss"]
[EventRounds "5"]
[EventCountry "ENG"]
[SourceTitle "CBM 173 Extra"]
[Source "ChessBase"]
[SourceDate "2016.08.29"]
[SourceVersion "1"]
[SourceVersionDate "2016.08.29"]
[SourceQuality "1"]

1. e4 c6 2. d4 d5 3. exd5 cxd5 4. Bd3 Nc6 5. c3 Qc7 6. Ne2 Bg4 7. f3 Bd7 8. Bf4 e5 9. Bg3 Bd6 10. Na3 a6 11. 0-0 Nge7 12. Kh1 h5 13. dxe5 Nxe5 14. Bxe5 Bxe5 15. f4 Bd6 16. Nc2 h4 17. Ncd4 Rh6 18. Qd2 Kf8 19. Rae1 Re8 20. f5 Ng8 21. Nf3 Nf6 22. Ned4 Ng4 23. Rxe8+ Bxe8 24. Ng5 Nxh2 25. f6 Nxf1 26. Bxf1 Bd7 27. Bd3 Bf4 28. Qe2 gxf6 29. Nh7+ Kg7 30. Qe7 Bd6 31. Qe1 Rxh7 32. Bxh7 Kxh7 33. Qxh4+ Kg7 0-1

[Event "BCF-ch Week1 PM op"]
[Site "Coventry"]
[Date "2015.07.31"]
[Round "5"]
[White "Hanscombe, Richard"]
[Black "Matthews, Adrian MS"]
[Result "1-0"]
[WhiteElo "1757"]
[BlackElo "1883"]
[PlyCount "85"]
[EventDate "2015.07.27"]
[EventType "swiss"]
[EventRounds "5"]
[EventCountry "ENG"]
[SourceTitle "EXT 2016"]
[Source "ChessBase"]
[SourceDate "2015.10.08"]
[SourceVersion "1"]
[SourceVersionDate "2015.10.08"]
[SourceQuality "1"]

1. Nc3 d5 2. e4 d4 3. Nce2 c5 4. Ng3 Nc6 5. Bc4 Ne5 6. Bb5+ Bd7 7. Qe2 a6 8. Bxd7+ Qxd7 9. f4 Nc6 10. Nf3 h5 11. d3 g6 12. e5 0-0-0 13. Ng5 e6 14. N3e4 Nh6 15. a3 Be7 16. Nf3 Nf5 17. Bd2 h4 18. 0-0-0 Kb8 19. g4 hxg3 20. hxg3 Ka7 21. Kb1 b5 22. g4 Ng7 23. Nfg5 Bxg5 24. Nxg5 Rb8 25. Qe4 Kb6 26. Nh7 Ne7 27. Rh3 Qd5 28. Rdh1 Qxe4 29. dxe4 Rhd8 30. Ng5 d3 31. Rxd3 Rxd3 32. cxd3 Rd8 33. Kc2 Nc6 34. Be3 Nd4+ 35. Bxd4 Rxd4 36. Kc3 Ne8 37. Nxf7 Nc7 38. b4 a5 39. bxa5+ Kxa5 40. Ra1 Ka4 41. Nh8 Nd5+ 42. exd5 Rxf4 43. dxe6 1-0

[Event "BCF-ch Week1 PM op"]
[Site "Coventry"]
[Date "2015.07.29"]
[Round "3"]
[White "Kett, Timothy"]
[Black "Matthews, Adrian MS"]
[Result "1-0"]
[WhiteElo "2219"]
[BlackElo "1883"]
[PlyCount "61"]
[EventDate "2015.07.27"]
[EventType "swiss"]
[EventRounds "5"]
[EventCountry "ENG"]
[SourceTitle "EXT 2016"]
[Source "ChessBase"]
[SourceDate "2015.10.08"]
[SourceVersion "1"]
[SourceVersionDate "2015.10.08"]
[SourceQuality "1"]

1. d4 Nf6 2. Nc3 c5 3. d5 g6 4. e4 d6 5. f4 Bg7 6. Bb5+ Bd7 7. e5 Ng8 8. Nf3 Bxb5 9. Nxb5 Qa5+ 10. Nc3 Nd7 11. 0-0 0-0-0 12. Bd2 Qa6 13. Ng5 Nh6 14. e6 Bd4+ 15. Kh1 fxe6 16. Nxe6 Rde8 17. Qf3 Nf5 18. Rae1 h5 19. g3 Nf6 20. Nd1 Ng4 21. c3 Bf6 22. a3 Kb8 23. Kg2 Reg8 24. h3 Ngh6 25. Nf2 Qa4 26. Qd3 Qb3 27. Ne4 Bg7 28. N4xc5 dxc5 29. Nxc5 Qa2 30. Ra1 Qxb2 31. Rfb1 1-0